Normal view
MARC view
- HRM - EMBA Thesis
Entry Topical Term
001 - CONTROL NUMBER
- control field: 17843
003 - CONTROL NUMBER IDENTIFIER
- control field: NUST
005 - DATE AND TIME OF LATEST TRANSACTION
- control field: 20190717063148.0
008 - FIXED-LENGTH DATA ELEMENTS
- fixed length control field: 190717|| aca||aabn | a|a d
040 ## - CATALOGING SOURCE
- Original cataloging agency: NUST
- Transcribing agency: NUST
150 ## - HEADING--TOPICAL TERM
- Topical term or geographic name entry element: HRM - EMBA Thesis
670 ## - SOURCE DATA FOUND
- Source citation: Work cat.: (NUST): Awan, Zoya Mohsin 17842, Impact of Celebrity Endorsement on Consumer Attitude and Purchase intent /, 2015.
